000 006170000a22001810004500
003 MACL
005 20160217122343.0
008 160217b xxu||||| |||| 00| 0 eng d
040 _aMACL
_cMACL
041 _aHindi
082 _a294
100 _aचक्रवर्ती राजगोपालाचार्य
_938621
245 _aभज गोविन्‍दम़ स्‍तोत्र
260 _bसस्‍ता साहित्‍य पण्‍डल प्रकाशन
_c1982
_aनई दिल्‍ली
350 _a3
650 _aReligion
_938622
942 _cHIN
_k294
_2ddc
999 _c28338
_d28338